000 00603cam a2200145 4500500
005 20251228093425.0
041 _afre
042 _adc
100 1 0 _aFassin, Éric
_eauthor
245 0 0 _aDan Healey Homosexual Desire in Revolutionary Russia The Regulation of Sexual and Gender Dissent Chicago, Londres : The University of Chicago Press, 2001, 392 p.
260 _c2005.
500 _a38
786 0 _nCahiers du monde russe | Vol 46 | 4 | 2005-11-01 | p. 859za-990za | 1252-6576
856 4 1 _uhttps://shs.cairn.info/revue-cahiers-du-monde-russe-2005-4-page-859za?lang=fr&redirect-ssocas=7080
999 _c1604353
_d1604353